Statystyki dla Wszyscy uczestnicy programu ,,Twoja Twarz Brzmi Znajomo"

Kliknij tutaj aby rozwiązać quiz!

Ogólne statystyki

  • Ten quiz został rozwiązany 107 razy
  • Średni wynik to 38 z 104

Statystyki odpowiedzi

PodpowiedźOdpowiedź% Poprawnych
I EdycjaKatarzyna Skrzynecka
91%
VIII EdycjaKacper Kuszewski
71%
IX EdycjaFilip Lato
61%
I EdycjaJulia Pietrucha
61%
I EdycjaAgnieszka Włodarczyk
59%
I EdycjaArtur Chamski
59%
II EdycjaMarek Kaliszuk
59%
I EdycjaMariusz Totoszko
59%
II EdycjaMaja Bohosiewicz
57%
X EdycjaMateusz Ziółko
54%
V EdycjaAleksandra Szwed
53%
VI EdycjaMaria Tyszkiewicz
52%
IV EdycjaBartłomiej Kasprzykowski
51%
XII EdycjaAdam Strycharczuk
48%
III EdycjaStefano Terazzino
48%
II EdycjaBarbara Melzer
47%
VII EdycjaJoanna Jabłczyńska
46%
I EdycjaPaweł Tucholski
46%
X EdycjaRafał Szatan
46%
I EdycjaBilguun Ariunbaatar
44%
VII EdycjaKasia Popowska
44%
XI EdycjaKazimierz Mazur
44%
II EdycjaJacek Kawalec
43%
II EdycjaJakub Molęda
43%
II EdycjaJoanna Liszowska
42%
IX EdycjaAnna Guzik
41%
XI EdycjaElżbieta Romanowska
41%
V EdycjaKatarzyna Pakosińska
41%
VI EdycjaOlga Szomańska
41%
XII EdycjaEwelina Lisowska
39%
IX EdycjaJan Traczyk
39%
III EdycjaKaja Paschalska
39%
IV EdycjaZofia Zborowska
39%
VI EdycjaKamil Bijoś
38%
V EdycjaKatarzyna Zielińska
38%
IV EdycjaNatalia Szroeder
38%
III EdycjaRobert Rozmus
38%
XII EdycjaEmilia Komarnicka - Klynstra
37%
XI EdycjaKatarzyna Dąbrowska
37%
VII EdycjaPaweł Jasionowski
37%
XII EdycjaJeremi Sikorski
35%
III EdycjaKatarzyna Ankudowicz
35%
X EdycjaMichalina Sosna
35%
IV EdycjaMichał Kwiatkowski
35%
X EdycjaAdrianna Kalska
34%
VIII EdycjaAnna Dereszowska
34%
XIII EdycjaGosia Andrzejewicz
34%
V EdycjaJerzy Grzechnik
34%
IV EdycjaKrzysztof Respondek
34%
II EdycjaMagda Steczkowska
34%
X EdycjaMarek Molak
34%
IV EdycjaMonika Dryl
34%
XIII EdycjaMarta Gałuszewska
33%
VI EdycjaMichał Rudaś
33%
V EdycjaAgnieszka Twardowska
32%
VIII EdycjaAleksandra Gintrowska
32%
III EdycjaGrzegorz Wilk
32%
X EdycjaHonorata Skarbek
32%
IV EdycjaKatarzyna Glinka
32%
VII EdycjaKrzysztof Kwiatkowski
32%
II EdycjaMarcin Przybylski
32%
III EdycjaMateusz Jakubiec
32%
IV EdycjaMichał Grobelny
32%
VIII EdycjaBeata Olga Kowalska
30%
V EdycjaDariusz Kordek
30%
VI EdycjaJoanna Moro
30%
III EdycjaKasia Cerekwicka
30%
XII EdycjaKatarzyna Ptasińska
30%
VII EdycjaMonika Borzym
30%
XII EdycjaRobert Koszucki
30%
XII EdycjaEwelina Ruckgaber
29%
XIII EdycjaFilip Gurłacz
29%
X EdycjaKatarzyna Maciąg
29%
XII EdycjaŁukasz Zagrobelny
29%
VIII EdycjaMarcel Sabat
29%
VI EdycjaOlga Borys
29%
XIII EdycjaPaweł Czadoman Dudek
29%
VII EdycjaZofia Nowakowska
29%
V EdycjaAdam Fidusiewicz
28%
III EdycjaAnna Czartoryska - Niemczycka
28%
XI EdycjaAntek Smykiewicz
28%
IX EdycjaIzabella Miko
28%
VII EdycjaJakub Świderski
28%
VIII EdycjaKasia Moś
28%
XI EdycjaMarta Wiejak
28%
VI EdycjaMateusz Banasiuk
28%
VI EdycjaRadosław Pazura
28%
IX EdycjaJoanna Ruda Lazer
27%
VIII EdycjaKrzysztof Antkowiak
27%
V EdycjaMarcin Rogacewicz
27%
XIII EdycjaMaurycy Popiel
27%
XI EdycjaStanisław Karpiel- Bułecka
27%
IX EdycjaAndrzej Młynarczyk
25%
VIII EdycjaMariusz Ostrowski
25%
I EdycjaPaulina Paulla Ignasiak
25%
X EdycjaBogumił Boogie Romanowski
24%
XI EdycjaIga Krefft
24%
IX EdycjaKrzysztof Szczepanik
24%
IX EdycjaNatalia Krakowiak
24%
XIII EdycjaNatalia Avelon
22%
XI EdycjaKamil Pawelski
20%
XII EdycjaKamila Boruta
19%
XIII EdycjaKarol Dziuba
19%
VII EdycjaSławomir Sławomir Zapała
19%

Rozkład punktacji

Percentyl według liczby udzielonych odpowiedzi

Procent ludzi z każdym wynikiem

Twoja historia wyników

Nie rozwiązałeś tego quizu